Cómo se gobernará el FMI /

Enregistré dans:
Détails bibliographiques
Auteur principal: Van Houtven, Leo
Format: Texte
Tags: Ajouter un tag
Pas de tags, Soyez le premier à ajouter un tag!

MARC

LEADER 00000 a a2200000 04500
001 8081
003
040
100 |a Van Houtven, Leo  
245 |a Cómo se gobernará el FMI /  |c Leo Van Houtven 
773 |g volumen 41, número 3; páginas 18-20  
999 |c 24677  |d 24677